000 00438nam a2200145Ia 4500
008 220216s9999 xx 000 0 und d
100 _aJoseph K.M.
245 0 _aStrategy for development of rubber plantations to 2000 AD
260 _bRubber Planters' Conference, 4-5 January 1974, Kottayam, India.
_c1974
650 _aDevelopment scheme
650 _aRubber plantation
700 _aMenon
_BP.M.
700 _aUnni R.G.
942 _cBS
999 _c49835
_d49835